| 000 | 05083cgm a2200613 a 4500 | ||
|---|---|---|---|
| 001 | ocm55675643 | ||
| 003 | OCoLC | ||
| 005 | 20231127050331.0 | ||
| 007 | vd cvaizq | ||
| 008 | 040618p20042003cau114 g vleng d | ||
| 020 | _a025195013697 | ||
| 040 |
_aEYM _cEYM _dVP@ _dUINTA _erda |
||
| 082 | 4 | _aDVD Peter Pan | |
| 092 | _aDVD Peter Pan | ||
| 245 | 1 | 0 |
_aPeter Pan : Thunderbirds : The Borrowers _h[DVD] / _ca Universal Picture, Columbia Picture, Revolution Studios presentation, a Douglas Wick-Lucy Fisher production, an Allied Stars production ; produced by Lucy Fisher, Douglas Wick, Patrick McCormick ; screenplay by P.J. Hogan and Michael Goldenberg ; directed by P.J. Hogan. |
| 260 |
_aUniversal City, CA : _bUniversal, _cc2004, c2003. |
||
| 264 |
_aUniversal City, CA : _bUniversal, _c2003 |
||
| 300 |
_a2 DVD's [1 hr. 54 min., 1 hr. 35 min., 1 hr 27 min.] : _bsd., col. ; _c4 3/4 in. |
||
| 500 | _aPeter Pan : Based upon the original stageplay and books written by J.M. Barrie. | ||
| 500 | _aPeter Pan : Special features: navigate five magical worlds: Visit the Darling house: alternate ending, hilarious deleted scenes; Board the pirate ship: Through the eyes of Captain Hook, The lost pirate song; Explore the Neverland Forest: Tinkerbell: behind the dust, I do believe in fairies; Enter the Black Castle: learning to fly, Mermaids' tale; Dig into the home under the ground: the legacy of Pan. | ||
| 508 | _aPeter Pan : Director of photography, Donald M. McAlpine ; editors, Garth Craven, Michael Kahn ; music, James Newton Howard ; costume designer, Janet Patterson ; production designer, Roger Fort ; visual effects supervisor, Scott Farrar. | ||
| 511 | 1 | _aPeter Pan : Jason Isaacs, Jeremy Sumpter, Rachel Hurd-Wood, Oliva Williams, Ludivine Sagnier, Richard Briers, Lynn Redgrave, Geoffrey Palmer. | |
| 520 | _aPeter Pan : In stifling Edwardian London, Wendy Darling mesmerizes her brothers every night with bedtime tales of swordplay, swashbucker skills and the ever fearsome Captain Hook. But the children become real heroes of an even greater story when Peter Pan flies into their nursery one night and takes them on a journey over moonlit rooftops to the lush jungles of Neverland. Wendy and her brothers join Peter and the Lost Boys in an exhilarating life, free of grown-up rules. Eventually facing the inevitable showdown with Captain Hook and his bloodthirsty pirates. Thunderbirds : Tracy Island not only houses Jeff Tracy and his five sons, but also serves as headquarters for the top-secret International Rescue organization. A criminal mastermind known only as "The Hood" manages to get past the island's security measures and trys to take over International Rescue. His goal is to steal the five most advanced rescue vehicles and use them for his own agenda. With Jeff and his four eldest sons on a mission, there's only one person with any hope of stopping the takeover - the youngest son, Alan, who vows to save his family and keep the Thunderbirds alive. The Borrowers : The Borrowers (1997): The miniature Clock family has lived with the Lenders for years ... the human "beans" just don't know it. Little things keep disappearing and the "Beans" can't figure out that the Clocks are simply "borrowing household items for their own home within the walls." When the evil, scheming lawyer Ocious P. Potter tries to evict the Lenders from their happy home, the Borrowers try to stop him with a little ingenuity. Suddenly, the toaster's a catapult, the measuring tape is an elevator, the dental floss is a backpack, and the lawyer is about to meet his match. | ||
| 521 | 8 | _aPeter Pan : MPAA rating: PG; for adventure action sequences and peril. | |
| 538 | _aPeter Pan : DVD; NTSC (Region 1); widescreen (2.40:1) presentation; Dolby Digital, DTS, SDDS. | ||
| 650 | 0 |
_aPeter Pan (Fictitious character) _vDrama. _95680812 |
|
| 650 | 0 |
_aNever-Never Land (Imaginary place) _vDrama. _95747010 |
|
| 650 | 0 |
_aFeature films. _96160936 |
|
| 650 | 0 |
_aVideo recordings for the hearing impaired. _96160937 |
|
| 700 | 1 |
_aFisher, Lucy. _971400 |
|
| 700 | 1 |
_aWick, Douglas. _975862 |
|
| 700 | 1 |
_aMcCormick, Patrick. _971401 |
|
| 700 | 1 |
_aHogan, P. J. _964321 |
|
| 700 | 1 |
_aGoldenberg, Michael. _976498 |
|
| 700 | 1 |
_aIsaacs, Jason, _d1963- _968412 |
|
| 700 | 1 |
_aSumpter, Jeremy, _d1989- _977807 |
|
| 700 | 1 |
_aHurd-Wood, Rachel, _d1990- _970643 |
|
| 700 | 1 |
_aWilliams, Olivia, _d1968- _958702 |
|
| 700 | 1 |
_aSagnier, Ludivine, _d1979- _969279 |
|
| 700 | 1 |
_aBriers, Richard. _930546 |
|
| 700 | 1 |
_aRedgrave, Lynn, _d1943- _927694 |
|
| 700 | 1 |
_aPalmer, Geoffrey, _d1927- _961783 |
|
| 700 | 1 |
_aMcAlpine, Donald M. _966662 |
|
| 700 | 1 |
_aCraven, Garth. _971402 |
|
| 700 | 1 |
_aHoward, James Newton. _934915 |
|
| 700 | 1 |
_aPatterson, Janet. _971403 |
|
| 700 | 1 |
_aFord, Roger. _957000 |
|
| 700 | 1 |
_aBarrie, J. M. _q(James Matthew), _d1860-1937. _tPeter Pan. _926599 |
|
| 710 | 2 |
_aUniversal Pictures (Firm) _919584 |
|
| 710 | 2 |
_aColumbia Pictures. _923896 |
|
| 710 | 2 |
_aRevolution Studios. _967435 |
|
| 710 | 2 |
_aAllied Stars (Firm) _966513 |
|
| 942 |
_cDVD _2ddc |
||
| 999 |
_c390201 _d390201 |
||